00675nam a22001937a 450000500170000001000470001702000260006403500190009003700080010908200110011710000190012824500660014725000060021326000490021927001190026830000200038750000430040770000310045020250422154518.0 aB-766820-851 BACEN25 a9789355018717c599.00 aB-766820-851  bUDH a00021 aMalik, Prateek aDSSSB NIOS Summary /cBy Prateek Malik [and] Prateek Shivalik a1 aNew DelhibS Chand and Company Limitedc2023 a A-27, 2nd Floor, Mohan Co-operative Industrial EstatebNew Delhie110044minfo@schandpublishing.comk011-49731800 a597p.c26cm(pb) aBased on the latest DSSSB Exam Pattern aShivalik, Prateek eAuthor